000 00496 a2200205 4500
005 20260210101720.0
008 260209b |||||||| |||| 00| 0 eng d
020 _a9780443214691
_c$ 105.00
040 _aMAIN
082 _a581.8
_bW367P(3)
100 _a Wayne, Randy
245 _aPlant cell biology
250 _a3rd
260 _bAcademic Press
_c2026
_aLondon
300 _axxvii, 1054
650 _aBotany
650 _aPlants Physiology
650 _aCell Biology
942 _cBK
999 _c395012
_d395012